City size and national spatial strategies in developing countries (Record no. 223730)

000 -LEADER
fixed length control field 00438cam a22001337a 4500
008 - FIXED-LENGTH DATA ELEMENTS--GENERAL INFORMATION
fixed length control field 180718b1977 xxu||||| |||| 00| 0 eng d
082 ## - DEWEY DECIMAL CLASSIFICATION NUMBER
Classification number J72 In8
100 ## - MAIN ENTRY--PERSONAL NAME
Personal name Richardson, Harry W.
245 ## - TITLE STATEMENT
Title City size and national spatial strategies in developing countries
Statement of responsibility, etc. by Harry W. Richardson
260 ## - PUBLICATION, DISTRIBUTION, ETC.
Place of publication, distribution, etc. Washington, D.C.
Name of publisher, distributor, etc. IBRD
Date of publication, distribution, etc. 1977
300 ## - PHYSICAL DESCRIPTION
Extent 73p.
440 ## - SERIES STATEMENT/ADDED ENTRY--TITLE
Title World Bank Staff Working paper no.252
650 ## - SUBJECT ADDED ENTRY--TOPICAL TERM
Topical term or geographic name entry element Cities and Towns - Growth
Holdings
Withdrawn status Lost status Damaged status Not for loan Permanent Location Current Location Date acquired Full call number Barcode Date last seen Price effective from Koha item type
        Indian Institute of Public Administration Indian Institute of Public Administration 1993-04-23 J72 In8 WB187 2018-07-20 2018-07-20 WB

Powered by Koha